Statystyki dla Chivas-noWy baTmAN

Kliknij tutaj aby rozwiązać quiz!

Ogólne statystyki

  • Ten quiz został rozwiązany 22 razy
  • Średni wynik to 252 z 311

Statystyki odpowiedzi

Odpowiedź% Poprawnych
12
94%
a
94%
batman
94%
bo
94%
do
94%
i
94%
ja
94%
już
94%
Łodzi
94%
mi
94%
miasta
94%
mnie
94%
nie
94%
nowy
94%
oczy
94%
po
94%
pół
94%
udowodni
94%
w
94%
wybiła
94%
zna
94%
auta
89%
bardzo
89%
by
89%
ciebie
89%
dostałem
89%
dziecko
89%
jak
89%
jako
89%
kiedyś
89%
na
89%
niech
89%
on
89%
panda
89%
się
89%
szybkie
89%
to
89%
urocze
89%
wpierdol
89%
wyglądałem
89%
wygladam
89%
za
89%
zabawka
89%
że
89%
bartka
83%
czarny
83%
ktoś
83%
naszcza
83%
nosi
83%
tym
83%
umaluje
83%
umaluję
83%
życzyłem
83%
patrz
78%
płaszcz
78%
wylądowali
78%
ale
72%
bartek
72%
chcę
72%
ciągle
72%
długi
72%
dorasta
72%
ej
72%
każdy
72%
kostek
72%
kupił
72%
kupiłem
72%
mam
72%
miałem
72%
mój
72%
mordę
72%
najbardziej
72%
nowe
72%
order
72%
podobne
72%
Polsce
72%
prawie
72%
roku
72%
sięga
72%
śmiał
72%
śmieciom
72%
sprzed
72%
szczególnie
72%
tak
72%
teraz
72%
będę
67%
border
67%
chowałem
67%
dzieciaka
67%
dziurę
67%
kocham
67%
miesiące
67%
moja
67%
ona
67%
później
67%
razie
67%
spodnie
67%
średnio
67%
szafka
67%
takie
67%
wkurzające
67%
być
61%
czasem
61%
dobrze
61%
drzwiach
61%
dwa
61%
jednakowej
61%
łez
61%
lubię
61%
lusterko
61%
mówi
61%
nigdy
61%
odwagi
61%
pokój
61%
pokoju
61%
prawdopodobnie
61%
prostu
61%
sam
61%
spokojnie
61%
spokojny
61%
tylko
61%
wesoły
61%
weszło
61%
wyrosłem
61%
bajoro
56%
co
56%
deathcore
56%
gadałeś
56%
jebane
56%
patrzę
56%
tam
56%
tyle
56%
zazwyczaj
56%
arkham
50%
chociażby
50%
lepiej
50%
mówiło
50%
niż
50%
okej
50%
oku
50%
pewnie
50%
szkoda
50%
wiecie
50%
wszyscy
50%
bali
44%
kogo
44%
kurwo
44%
wyrosnę
44%
wolę
39%
mówię
33%
nich
33%
udowodnij
17%

Rozkład punktacji

Percentyl według liczby udzielonych odpowiedzi

Procent ludzi z każdym wynikiem

Twoja historia wyników

Nie rozwiązałeś tego quizu